[Event "Jesenik op-A"]
[Site "Jesenik"]
[Date "2023.08.19"]
[Round "1"]
[White "Trojan, Lubos"]
[Black "Bednarik, Josef"]
[Result "1-0"]
[WhiteElo "1904"]
[BlackElo "2122"]
[PlyCount "83"]
[EventDate "2023.08.19"]
[EventType "swiss"]
[EventRounds "9"]
[EventCountry "CZE"]
[SourceTitle "EXT 2024"]
[Source "ChessBase"]
[SourceDate "2023.10.10"]
[SourceVersion "1"]
[SourceVersionDate "2023.10.10"]
[SourceQuality "1"]

1. d4 d5 2. Nf3 Nf6 3. Bf4 e6 4. Nbd2 Be7 5. e3 0-0 6. Bd3 c5 7. c3 Nc6 8. 0-0 c4 9. Bc2 b5 10. Ne5 Bb7 11. Qf3 Nxe5 12. dxe5 Ne8 13. Qh3 g6 14. Nf3 Ng7 15. Bh6 Qc7 16. Rfd1 Rfe8 17. Bxg7 Kxg7 18. Qg3 b4 19. Nd4 bxc3 20. bxc3 Qa5 21. f4 Qxc3 22. Rac1 Qa3 23. f5 Bc5 24. Qg5 Bxd4 25. f6+ Kh8 26. exd4 Rg8 27. Rf1 Qf8 28. Rf3 h6 29. Rh3 Kh7 30. Rf1 Rh8 31. Rf4 Kg8 32. Qg3 Rh7 33. Rfh4 Qb4 34. Bxg6 fxg6 35. Qxg6+ Kh8 36. Qxh7+ Kxh7 37. Rxh6+ Kg8 38. Rg6+ Kf7 39. Rg7+ Ke8 40. Rh8+ Qf8 41. Re7+ Kd8 42. Rxf8# 1-0

[Event "Pardubice Region-chT 2223"]
[Site "Czech Republic"]
[Date "2023.01.29"]
[Round "7.1"]
[White "Trojan, Lubos"]
[Black "Sabol, Marian"]
[Result "0-1"]
[WhiteElo "1887"]
[BlackElo "2327"]
[PlyCount "74"]
[EventDate "2022.10.09"]
[EventType "team-tourn"]
[EventRounds "11"]
[EventCountry "CZE"]
[SourceTitle "EXT 2024"]
[Source "ChessBase"]
[SourceDate "2023.10.10"]
[SourceVersion "1"]
[SourceVersionDate "2023.10.10"]
[SourceQuality "1"]

1. Nf3 c5 2. c4 Nc6 3. Nc3 g6 4. g3 Bg7 5. Bg2 Nh6 6. d3 Nf5 7. e3 a6 8. a3 Rb8 9. g4 Nd6 10. Ng5 b5 11. Nge4 Nxe4 12. Bxe4 bxc4 13. Bxc6 dxc6 14. dxc4 Qxd1+ 15. Nxd1 Bxg4 16. 0-0 Be2 17. Re1 Bxc4 18. Bd2 0-0 19. Rc1 Bb3 20. Bc3 Rfd8 21. Bxg7 Kxg7 22. Nc3 f5 23. e4 Kf6 24. Re3 Rd2 25. Rf3 Rd4 26. Re1 e5 27. exf5 gxf5 28. Rg3 Rd2 29. f4 exf4 30. Rg2 Rxg2+ 31. Kxg2 Bd5+ 32. Nxd5+ cxd5 33. Re2 Rb3 34. Rd2 Ke5 35. Kf2 d4 36. Re2+ Re3 37. Rc2 Kd5 0-1

[Event "Pardubice Region-chT 2223"]
[Site "Czech Republic"]
[Date "2023.01.15"]
[Round "6.3"]
[White "Vaclavik, Patrik"]
[Black "Trojan, Lubos"]
[Result "0-1"]
[WhiteElo "1838"]
[BlackElo "1887"]
[PlyCount "56"]
[EventDate "2022.10.09"]
[EventType "team-tourn"]
[EventRounds "11"]
[EventCountry "CZE"]
[SourceTitle "EXT 2024"]
[Source "ChessBase"]
[SourceDate "2023.10.10"]
[SourceVersion "1"]
[SourceVersionDate "2023.10.10"]
[SourceQuality "1"]

1. d4 d5 2. Bf4 c6 3. e3 Nf6 4. Nd2 Bg4 5. Ngf3 Nbd7 6. Be2 e6 7. 0-0 Nh5 8. Bg5 Nhf6 9. Ne5 Bxe2 10. Qxe2 Be7 11. Ndf3 h6 12. Bh4 0-0 13. c4 dxc4 14. Nxc4 Nb6 15. Nfe5 Qd5 16. e4 Qb5 17. b3 Rad8 18. Rad1 Rfe8 19. Qc2 Nh7 20. a4 Qa6 21. Bxe7 Rxe7 22. Kh1 Nf8 23. Nxb6 Qxb6 24. Qc5 Qc7 25. Qxa7 f6 26. Nc4 Red7 27. Rd2 Qf4 28. f3 b5 0-1

[Event "CZE-chT2D 1718"]
[Site "Czech Republic"]
[Date "2017.12.03"]
[Round "4.8"]
[White "Trojan, Lubos"]
[Black "Hajek, Radovan"]
[Result "1-0"]
[WhiteElo "1994"]
[BlackElo "1894"]
[PlyCount "117"]
[EventDate "2017.10.15"]
[EventType "team-tourn"]
[EventRounds "11"]
[EventCountry "CZE"]
[SourceTitle "EXT 2022"]
[Source "ChessBase"]
[SourceDate "2021.10.06"]
[SourceVersion "1"]
[SourceVersionDate "2021.10.06"]
[SourceQuality "1"]
[WhiteTeam "Polabiny III"]
[BlackTeam "Zdar nad Sazavou"]
[WhiteTeamCountry "CZE"]
[BlackTeamCountry "CZE"]

1. d4 Nf6 2. Nf3 d5 3. Bf4 e6 4. e3 Be7 5. Bd3 Nbd7 6. Nbd2 c5 7. c3 0-0 8. h3 b6 9. Ne5 Nxe5 10. Bxe5 Nd7 11. Bh2 a5 12. Qe2 Bb7 13. 0-0 Nf6 14. Nf3 Ne4 15. Rad1 Bd6 16. dxc5 Bxh2+ 17. Nxh2 Nxc5 18. Bb1 Qg5 19. f4 Qh4 20. Qe1 Qh5 21. f5 Kh8 22. Rf4 e5 23. Rh4 Qg5 24. Nf3 Qf6 25. Qg3 Rae8 26. Rf1 Ba6 27. Rf2 Bd3 28. Bxd3 Nxd3 29. Rd2 e4 30. Nd4 g6 31. Rh6 Kg7 32. Qh4 Qxh4 33. Rxh4 g5 34. Rh5 h6 35. h4 g4 36. f6+ Kg6 37. Rxd5 Re5 38. Rxe5 Nxe5 39. Rd1 Nd3 40. b3 Kxf6 41. Rf1+ Kg6 42. Rf5 Rd8 43. h5+ Kg7 44. Rb5 Rc8 45. c4 Rc5 46. Nf5+ Kh7 47. Rxc5 bxc5 48. Nd6 Nc1 49. Nxe4 Nxa2 50. Nxc5 Nc1 51. Kf2 Kg7 52. e4 Kf6 53. Ke3 Ke5 54. Nd3+ Nxd3 55. Kxd3 f6 56. g3 Kd6 57. Kd4 Kc6 58. c5 Kb5 59. Kd5 1-0

[Event "Olomouc Summer op Seniors 20th"]
[Site "Olomouc"]
[Date "2017.08.18"]
[Round "8"]
[White "Oral, Josef"]
[Black "Trojan, Lubos"]
[Result "0-1"]
[WhiteElo "1827"]
[BlackElo "1989"]
[PlyCount "152"]
[EventDate "2017.08.12"]
[EventType "swiss"]
[EventRounds "9"]
[EventCountry "CZE"]
[SourceTitle "CBM 180 Extra"]
[Source "ChessBase"]
[SourceDate "2017.10.06"]
[SourceVersion "1"]
[SourceVersionDate "2017.10.06"]
[SourceQuality "1"]

1. e4 e6 2. d4 d5 3. exd5 exd5 4. Nf3 Bg4 5. h3 Bh5 6. Bd3 Bd6 7. 0-0 Nc6 8. c3 Nge7 9. Be3 0-0 10. Bxh7+ Kh8 11. Bd3 Qc8 12. Re1 f5 13. Bg5 Ng6 14. Nbd2 Bf4 15. Qb3 Qd7 16. Bb5 Bxd2 17. Nxd2 f4 18. Bd3 f3 19. Qd1 Nf4 20. Bxf4 Rxf4 21. Re3 Raf8 22. Kh2 Qf7 23. g3 Rf6 24. Qg1 Rh6 25. g4 Bg6 26. Bxg6 Qxg6 27. Qg3 Qc2 28. Nxf3 Qxb2 29. Rae1 Rhf6 30. R1e2 Qa3 31. Kg2 Qd6 32. Ne5 Kg8 33. g5 Rf4 34. g6 Nxe5 35. Rxe5 R4f6 36. Rg5 Qxg3+ 37. Rxg3 b6 38. f3 c5 39. Re5 cxd4 40. cxd4 Rc8 41. Re2 Kf8 42. h4 Rc4 43. Rg4 Rc3 44. Rf2 Rd3 45. Kg3 Rf5 46. Kg2 Ke7 47. Kg3 Kf6 48. Kg2 Rh5 49. Re2 Rf5 50. Re8 Rdxf3 51. Rf8+ Ke6 52. Rxf5 Rxf5 53. Kg3 Kf6 54. Kg2 Rh5 55. Kg3 a6 56. Kf4 Rh6 57. a3 b5 58. Kf3 Rxg6 59. Rf4+ Ke7 60. Rf5 Rf6 61. Kg4 Rxf5 62. Kxf5 a5 63. Ke5 b4 64. axb4 axb4 65. Kxd5 b3 66. Kc6 Kd8 67. Kd6 b2 68. Ke6 b1Q 69. Ke5 g6 70. Kd5 Kd7 71. Kc5 Qb7 72. d5 Qa7+ 73. Kc4 Kd6 74. Kb5 Kxd5 75. h5 Qb7+ 76. Ka4 Kc4 0-1

[Event "Olomouc Summer op Seniors 20th"]
[Site "Olomouc"]
[Date "2017.08.17"]
[Round "7"]
[White "Trojan, Lubos"]
[Black "Stokes, Paul C"]
[Result "1-0"]
[WhiteElo "1989"]
[BlackElo "1871"]
[PlyCount "89"]
[EventDate "2017.08.12"]
[EventType "swiss"]
[EventRounds "9"]
[EventCountry "CZE"]
[SourceTitle "CBM 180 Extra"]
[Source "ChessBase"]
[SourceDate "2017.10.06"]
[SourceVersion "1"]
[SourceVersionDate "2017.10.06"]
[SourceQuality "1"]

1. d4 Nf6 2. g3 e6 3. Bg2 d5 4. Nf3 c5 5. c3 Nc6 6. Nbd2 cxd4 7. cxd4 Be7 8. 0-0 0-0 9. Re1 Bd7 10. a3 a5 11. b3 Rc8 12. Bb2 b5 13. e3 Qb6 14. Ne5 Nxe5 15. dxe5 Ne8 16. Rc1 Nc7 17. Qg4 f5 18. exf6 Bxf6 19. Bxf6 Rxf6 20. Qd4 Qxd4 21. exd4 Na6 22. Rxc8+ Bxc8 23. Nf3 h6 24. Rc1 Bb7 25. Ne5 Rf8 26. Bh3 Re8 27. f4 Kf8 28. Bf1 b4 29. Bxa6 Bxa6 30. axb4 axb4 31. Rc6 Be2 32. Kf2 Bd1 33. Nd7+ Ke7 34. Nc5 Kf6 35. Rb6 g5 36. Rxb4 gxf4 37. gxf4 Kf5 38. Ke3 Rg8 39. Rb7 Rg2 40. Rf7+ Kg6 41. Rf8 Rxh2 42. b4 Rb2 43. Rb8 Bb3 44. b5 Bc4 45. b6 1-0

[Event "Olomouc Summer op Seniors 20th"]
[Site "Olomouc"]
[Date "2017.08.13"]
[Round "3"]
[White "Trojan, Lubos"]
[Black "Spanton, Timothy"]
[Result "1-0"]
[WhiteElo "1989"]
[BlackElo "1836"]
[PlyCount "79"]
[EventDate "2017.08.12"]
[EventType "swiss"]
[EventRounds "9"]
[EventCountry "CZE"]
[SourceTitle "CBM 180 Extra"]
[Source "ChessBase"]
[SourceDate "2017.10.06"]
[SourceVersion "1"]
[SourceVersionDate "2017.10.06"]
[SourceQuality "1"]

1. d4 d5 2. Nf3 Nc6 3. Bf4 Bg4 4. Nbd2 e6 5. h3 Bh5 6. c3 Bd6 7. Bxd6 cxd6 8. Qb3 Nge7 9. e3 0-0 10. Be2 Qd7 11. g4 Bg6 12. Nh4 f5 13. f4 a6 14. Nxg6 Nxg6 15. gxf5 Rxf5 16. Bg4 Rf7 17. Nf3 Na5 18. Qc2 Nc4 19. Qg2 Raf8 20. b3 Na3 21. 0-0 Qe7 22. Rae1 Nb5 23. Ng5 Rf6 24. Rc1 h6 25. Nf3 Nc7 26. Qg3 Qd8 27. c4 dxc4 28. bxc4 b5 29. Nd2 bxc4 30. Rxc4 Nd5 31. Ne4 e5 32. Nxf6+ Qxf6 33. dxe5 dxe5 34. f5 Nh4 35. Rc5 Ne7 36. Qxe5 Qg5 37. Qf4 Qf6 38. Qe4 Nexf5 39. Rcxf5 Nxf5 40. Qxf5 1-0

[Event "CZE-chT2D 1617"]
[Site "Czech Republic"]
[Date "2017.01.29"]
[Round "7.8"]
[White "Trojan, Lubos"]
[Black "Lipavsky, Dusan"]
[Result "1/2-1/2"]
[WhiteElo "1998"]
[BlackElo "1974"]
[PlyCount "63"]
[EventDate "2016.10.09"]
[EventType "team-tourn"]
[EventRounds "11"]
[EventCountry "CZE"]
[SourceTitle "EXT 2022"]
[Source "ChessBase"]
[SourceDate "2021.10.06"]
[SourceVersion "1"]
[SourceVersionDate "2021.10.06"]
[SourceQuality "1"]
[WhiteTeam "Polabiny II"]
[BlackTeam "Vysoke Myto"]
[WhiteTeamCountry "CZE"]
[BlackTeamCountry "CZE"]

1. d4 f5 2. g3 Nf6 3. Bg2 g6 4. c4 Bg7 5. Nc3 0-0 6. Bg5 d6 7. Nf3 Nc6 8. Qd2 Ne4 9. Qf4 Nxg5 10. Nxg5 Nxd4 11. Rd1 h6 12. Nh3 e5 13. Qc1 Rb8 14. e3 Ne6 15. 0-0 e4 16. b4 b6 17. Nd5 Bb7 18. Nhf4 Nxf4 19. Nxf4 Qf6 20. Nd5 Qf7 21. Rd2 Be5 22. f3 c6 23. Nf4 Bxf4 24. gxf4 d5 25. Rfd1 Rfe8 26. fxe4 fxe4 27. Qa3 a6 28. Bh3 Rbd8 29. c5 b5 30. Kh1 Kh7 31. Qb2 Bc8 32. Bxc8 1/2-1/2

[Event "CZE-chT2D 1617"]
[Site "Czech Republic"]
[Date "2016.12.11"]
[Round "5.7"]
[White "Komarkova, Magdalena"]
[Black "Trojan, Lubos"]
[Result "1/2-1/2"]
[WhiteElo "2000"]
[BlackElo "1998"]
[PlyCount "80"]
[EventDate "2016.10.09"]
[EventType "team-tourn"]
[EventRounds "11"]
[EventCountry "CZE"]
[SourceTitle "EXT 2022"]
[Source "ChessBase"]
[SourceDate "2021.10.06"]
[SourceVersion "1"]
[SourceVersionDate "2021.10.06"]
[SourceQuality "1"]
[WhiteTeam "Policka Stefanydes"]
[BlackTeam "Polabiny II"]
[WhiteTeamCountry "CZE"]
[BlackTeamCountry "CZE"]

1. e4 e6 2. d4 d5 3. Nd2 Nf6 4. e5 Nfd7 5. Bd3 c5 6. c3 Nc6 7. Ne2 cxd4 8. cxd4 Qb6 9. Nf3 Bb4+ 10. Bd2 Bxd2+ 11. Qxd2 Qb4 12. Rc1 Qxd2+ 13. Kxd2 0-0 14. Rc3 Ndb8 15. Rhc1 Bd7 16. a3 f6 17. exf6 gxf6 18. Bb1 Rf7 19. b4 a6 20. Nf4 Nd8 21. Re1 Nbc6 22. Rce3 Rc8 23. Nd3 b6 24. Nf4 Ne7 25. Bd3 b5 26. Bb1 Rc7 27. Rc1 Rxc1 28. Kxc1 Nc8 29. Rc3 Nb6 30. Nd3 Nc4 31. Nc5 Bc8 32. Kc2 Rg7 33. g3 Nc6 34. Kb3 e5 35. dxe5 fxe5 36. Ne1 d4 37. Rc1 Rf7 38. f3 Ra7 39. Bd3 Nd6 40. a4 Ne7 1/2-1/2

[Event "CZE-chT2D 1516"]
[Site "Czech Republic"]
[Date "2015.11.08"]
[Round "2.7"]
[White "Kubicek, Antonin"]
[Black "Trojan, Lubos"]
[Result "1/2-1/2"]
[WhiteElo "2169"]
[BlackElo "2007"]
[PlyCount "110"]
[EventDate "2015.10.18"]
[EventType "team-tourn"]
[EventRounds "11"]
[EventCountry "CZE"]
[SourceTitle "EXT 2022"]
[Source "ChessBase"]
[SourceDate "2021.10.06"]
[SourceVersion "1"]
[SourceVersionDate "2021.10.06"]
[SourceQuality "1"]
[WhiteTeam "Velke Losiny"]
[BlackTeam "Polabiny II"]
[WhiteTeamCountry "CZE"]
[BlackTeamCountry "CZE"]

1. c4 e6 2. g3 d5 3. Bg2 Nf6 4. Nf3 Be7 5. 0-0 0-0 6. b3 c5 7. Bb2 Nbd7 8. cxd5 Nxd5 9. d4 Bf6 10. e4 Nb4 11. e5 Be7 12. a3 Nd5 13. Nc3 Nxc3 14. Bxc3 Nb6 15. dxc5 Bxc5 16. Bd4 Qe7 17. Bxc5 Qxc5 18. Qd3 Qe7 19. Rfd1 Bd7 20. Nd4 Rab8 21. Be4 g6 22. Nb5 Bxb5 23. Qxb5 Rfd8 24. a4 Nd7 25. Rac1 a6 26. Qa5 b6 27. Qxa6 Nxe5 28. Qb5 f6 29. h3 Nf7 30. Bg2 Kf8 31. h4 h6 32. h5 Nd6 33. Qe2 g5 34. Rc6 e5 35. Qa6 Nf5 36. Rdc1 Nd4 37. Rc7 Rd7 38. Rc8+ Rxc8 39. Rxc8+ Rd8 40. Rxd8+ Qxd8 41. b4 Nc2 42. Qc4 Qd1+ 43. Bf1 Nd4 44. Qc8+ Ke7 45. Qb7+ Ke8 46. Qa8+ Ke7 47. Kg2 Qxh5 48. Qb7+ Kf8 49. Qxb6 Qf3+ 50. Kg1 g4 51. Qd8+ Kg7 52. Qe7+ Kg6 53. Qe8+ Kg7 54. Qe7+ Kg6 55. Qe8+ Kg7 1/2-1/2

[Event "CZE-ch Seniors 60"]
[Site "Rychnov nad Kneznou"]
[Date "2015.08.18"]
[Round "4"]
[White "Lorenc, Oldrich"]
[Black "Trojan, Lubos"]
[Result "1-0"]
[WhiteElo "2050"]
[BlackElo "1998"]
[PlyCount "87"]
[EventDate "2015.08.15"]
[EventType "swiss"]
[EventRounds "9"]
[EventCountry "CZE"]
[SourceTitle "EXT 2016"]
[Source "ChessBase"]
[SourceDate "2015.10.08"]
[SourceVersion "1"]
[SourceVersionDate "2015.10.08"]
[SourceQuality "1"]

1. e4 e6 2. d4 b6 3. Nf3 Bb7 4. Bd3 Nf6 5. Qe2 d6 6. c4 Be7 7. Nc3 Nfd7 8. 0-0 c5 9. d5 e5 10. Ne1 a6 11. f4 Bf6 12. Nf3 h6 13. Nd1 Qe7 14. Rb1 exf4 15. Bxf4 Ne5 16. Ne3 Nbd7 17. b4 Bc8 18. bxc5 bxc5 19. Nf5 Qf8 20. Bc2 g6 21. Ne3 Qg7 22. Ba4 0-0 23. Nd2 Bd8 24. Rb3 Bg5 25. g3 Bf6 26. Rfb1 Rd8 27. Bc6 Ra7 28. Bxd7 Raxd7 29. Rb8 Qf8 30. R1b6 g5 31. Bxe5 Bxe5 32. Nf5 Kh7 33. Nf3 f6 34. Nxe5 fxe5 35. a4 Ra7 36. Nxd6 Rxd6 37. Rxd6 Qxd6 38. Rxc8 Rb7 39. Qf1 Kg7 40. Rc6 Qd8 41. Qf5 Qe8 42. Qf6+ Kg8 43. Qxh6 Rg7 44. Qe6+ 1-0

[Event "CZE-chT2D 1415"]
[Site "Czech Republic"]
[Date "2015.01.11"]
[Round "5.6"]
[White "Trojan, Lubos"]
[Black "Petrasek, Kamil"]
[Result "0-1"]
[WhiteElo "2018"]
[BlackElo "1745"]
[PlyCount "120"]
[EventDate "2014.11.02"]
[EventType "team-tourn"]
[EventRounds "11"]
[EventCountry "CZE"]
[SourceTitle "EXT 2022"]
[Source "ChessBase"]
[SourceDate "2021.10.06"]
[SourceVersion "1"]
[SourceVersionDate "2021.10.06"]
[SourceQuality "1"]
[WhiteTeam "Polabiny II"]
[BlackTeam "Policka Stefanydes II"]
[WhiteTeamCountry "CZE"]
[BlackTeamCountry "CZE"]

1. d4 d5 2. Nf3 Nf6 3. Bf4 e6 4. e3 b6 5. Nbd2 Bb7 6. Bd3 Bd6 7. Bg5 Nbd7 8. Qe2 0-0 9. e4 dxe4 10. Nxe4 h6 11. Bh4 Be7 12. Bg3 Nxe4 13. Bxe4 Bxe4 14. Qxe4 Nf6 15. Qe2 Bd6 16. 0-0-0 Qe7 17. Rhe1 Rac8 18. d5 Rfe8 19. dxe6 fxe6 20. Qc4 Kh8 21. Kb1 Bxg3 22. hxg3 Rcd8 23. Rxd8 Rxd8 24. a3 Rd5 25. Ne5 Kh7 26. f4 Qd6 27. Nd3 b5 28. Qb4 Qc6 29. Ne5 Qd6 30. Qxd6 Rxd6 31. Nd3 Kg6 32. Re5 a6 33. Rc5 Ne4 34. Rxc7 Nxg3 35. Rc5 Nf5 36. Re5 Kf6 37. g4 Ne7 38. Nf2 Rd5 39. Re3 Ng6 40. Rf3 Nh4 41. Ne4+ Kf7 42. Rc3 Rd4 43. Rc7+ Kg6 44. Nc5 Rxf4 45. Nxe6 Rxg4 46. Nxg7 Rc4 47. Ne6 Nf5 48. Kc1 h5 49. Kd2 h4 50. Rxc4 bxc4 51. Ke2 Kf6 52. Nc5 Kg5 53. Kf2 Kg4 54. b4 h3 55. Ne4 Kf4 56. Nd2 Nd4 57. c3 Nf5 58. a4 Ng3 59. Nf3 Ne4+ 60. Ke2 Nxc3+ 0-1

[Event "CZE-chT2D 1415"]
[Site "Czech Republic"]
[Date "2014.11.30"]
[Round "3.6"]
[White "Trojan, Lubos"]
[Black "Ptacek, Lubos"]
[Result "0-1"]
[WhiteElo "2018"]
[BlackElo "2122"]
[PlyCount "92"]
[EventDate "2014.11.02"]
[EventType "team-tourn"]
[EventRounds "11"]
[EventCountry "CZE"]
[SourceTitle "EXT 2022"]
[Source "ChessBase"]
[SourceDate "2021.10.06"]
[SourceVersion "1"]
[SourceVersionDate "2021.10.06"]
[SourceQuality "1"]
[WhiteTeam "Polabiny II"]
[BlackTeam "Vysoke Myto"]
[WhiteTeamCountry "CZE"]
[BlackTeamCountry "CZE"]

1. Nf3 d5 2. d4 Nf6 3. c4 c6 4. e3 Bf5 5. Nc3 e6 6. Qb3 Qb6 7. Na4 Qxb3 8. axb3 Nbd7 9. c5 Be7 10. b4 a6 11. Be2 0-0 12. 0-0 Bd8 13. Nd2 e5 14. Nc3 Bc7 15. Nb3 Rfe8 16. Bd2 Nf8 17. dxe5 Bxe5 18. Nd4 Bxd4 19. exd4 Ne6 20. Be3 Rad8 21. Rfe1 Re7 22. h3 h6 23. g4 Bg6 24. Bf3 Rde8 25. Red1 Nh7 26. h4 Nf6 27. Kg2 h5 28. g5 Nh7 29. Ne2 f6 30. Nf4 Nxf4+ 31. Bxf4 fxg5 32. Bxg5 Nxg5 33. hxg5 Rf8 34. Re1 Ref7 35. Be2 Rxf2+ 36. Kg3 Be4 37. Ra3 Rg2+ 38. Kh4 Rf4+ 39. Kh3 Rxg5 40. Rg3 Rxg3+ 41. Kxg3 Rf5 42. Rf1 Rxf1 43. Bxf1 g5 44. Be2 Bg6 45. Bf1 Bf5 46. Be2 h4+ 0-1